<?xml version="1.0" encoding="UTF-8"?>
<record
    xmlns:xsi="http://www.w3.org/2001/XMLSchema-instance"
    xsi:schemaLocation="http://www.loc.gov/MARC21/slim http://www.loc.gov/standards/marcxml/schema/MARC21slim.xsd"
    xmlns="http://www.loc.gov/MARC21/slim">

  <leader>02649nam a22002657a 4500</leader>
  <controlfield tag="001">000438</controlfield>
  <controlfield tag="003">DO-SdBNP</controlfield>
  <controlfield tag="005">20171110132604.0</controlfield>
  <controlfield tag="007">000438</controlfield>
  <controlfield tag="008">160803b  1997 nyu a      ||||| |||| 00| 0 spa d</controlfield>
  <datafield tag="020" ind1=" " ind2=" ">
    <subfield code="a">0471076805 </subfield>
  </datafield>
  <datafield tag="040" ind1=" " ind2=" ">
    <subfield code="a">BPMSU</subfield>
    <subfield code="b">spa</subfield>
    <subfield code="c">BPMSU</subfield>
  </datafield>
  <datafield tag="082" ind1=" " ind2="4">
    <subfield code="a">658.15 </subfield>
    <subfield code="b">D163c</subfield>
  </datafield>
  <datafield tag="100" ind1="1" ind2=" ">
    <subfield code="a">Damodaran, Aswath.</subfield>
  </datafield>
  <datafield tag="245" ind1="1" ind2="0">
    <subfield code="a">Corporate finance : </subfield>
    <subfield code="b">theory and practice / </subfield>
    <subfield code="c">Aswath Damodaran.</subfield>
  </datafield>
  <datafield tag="260" ind1=" " ind2=" ">
    <subfield code="a">New York : </subfield>
    <subfield code="b">John Wiley &amp; Sons,</subfield>
    <subfield code="c">1997.</subfield>
  </datafield>
  <datafield tag="300" ind1=" " ind2=" ">
    <subfield code="a">xxvi, 876 p. :</subfield>
    <subfield code="b">il. ; </subfield>
    <subfield code="c">26 cm. </subfield>
  </datafield>
  <datafield tag="490" ind1="1" ind2=" ">
    <subfield code="a">Wiley series in finance.</subfield>
  </datafield>
  <datafield tag="505" ind1="0" ind2=" ">
    <subfield code="g">pt. 1. </subfield>
    <subfield code="t">An introduction to corporate finance --</subfield>
    <subfield code="g">Cap&#xED;tulo 1</subfield>
    <subfield code="t">Introduction to corporate finance --</subfield>
    <subfield code="g">Cap&#xED;tulo 2</subfield>
    <subfield code="t">The objective function in corporate finance --</subfield>
    <subfield code="g">Cap&#xED;tulo 3</subfield>
    <subfield code="t">Present value --</subfield>
    <subfield code="g">Cap&#xED;tulo 4</subfield>
    <subfield code="t">Understanding financial statements --</subfield>
    <subfield code="g">Cap&#xED;tulo 5</subfield>
    <subfield code="t">Risk and return -theory --
Theory. </subfield>
    <subfield code="g">Cap&#xED;tulo 6</subfield>
    <subfield code="t">Risk and return in practice: Estimation of discount rates --</subfield>
    <subfield code="g">pt. 2. Investment analysis. </subfield>
    <subfield code="g">Cap&#xED;tulo 7</subfield>
    <subfield code="t">Capital budgeting decision rules --</subfield>
    <subfield code="g">Cap&#xED;tulo 8</subfield>
    <subfield code="t">Estimating cash flows --</subfield>
    <subfield code="g">Cap&#xED;tulo 9</subfield>
    <subfield code="t">Issues in capital budgeting --</subfield>
    <subfield code="g">Cap&#xED;tulo 10</subfield>
    <subfield code="t"> Uncertainty and risk in capital budgeting: Part I.</subfield>
    <subfield code="g">Cap&#xED;tulo 11</subfield>
    <subfield code="t">Uncertainty and risk in capital budgeting: Part II. </subfield>
    <subfield code="g">Cap&#xED;tulo 12</subfield>
    <subfield code="t">Organizing and following Up on investment analysis --</subfield>
    <subfield code="g">Cap&#xED;tulo 13</subfield>
    <subfield code="t">The leasing decision --</subfield>
    <subfield code="g">Cap&#xED;tulo 14</subfield>
    <subfield code="t"> Working capital: Investment decisions and financing --</subfield>
    <subfield code="g">pt. 3. The financing decision. . </subfield>
    <subfield code="g">Cap&#xED;tulo 15</subfield>
    <subfield code="t">Capital Structure: An Overview of Financing Choices --</subfield>
    <subfield code="g">Cap&#xED;tulo 16</subfield>
    <subfield code="t">Market efficiency lessons for corporate finance --</subfield>
    <subfield code="g">Cap&#xED;tulo 17</subfield>
    <subfield code="t">Capital structure: Tradeoffs and theory</subfield>
    <subfield code="g">Cap&#xED;tulo 18</subfield>
    <subfield code="t">Capital structure: models and applications --</subfield>
    <subfield code="g">Cap&#xED;tulo 19</subfield>
    <subfield code="t">Capital Structure: The Financing Details --</subfield>
    <subfield code="g">pt. 4. </subfield>
    <subfield code="t">The dividend decision --</subfield>
    <subfield code="g">Cap&#xED;tulo 20</subfield>
    <subfield code="t">The determinants of divisend policy --</subfield>
    <subfield code="g">Cap&#xED;tulo 21</subfield>
    <subfield code="t">A framework for analyzing dividend policy --</subfield>
    <subfield code="g">Cap&#xED;tulo 22</subfield>
    <subfield code="t">Returning cash to stockholders --</subfield>
    <subfield code="g">pt. 5. Valuation --</subfield>
    <subfield code="g">Cap&#xED;tulo 23</subfield>
    <subfield code="t">Basics of valuation --</subfield>
    <subfield code="g">Cap&#xED;tulo 24 </subfield>
    <subfield code="t">Management decision: corporate strategy and firm value --</subfield>
    <subfield code="g">Cap&#xED;tulo 25 </subfield>
    <subfield code="t">Acquisition and takeovers</subfield>
    <subfield code="g">pt. 6. Other tools and techniques </subfield>
    <subfield code="g">Cap&#xED;tulo 26</subfield>
    <subfield code="t">International finance --</subfield>
    <subfield code="g">Cap&#xED;tulo 27</subfield>
    <subfield code="t">Option pricing theory --</subfield>
    <subfield code="g">Cap&#xED;tulo 28</subfield>
    <subfield code="t">Application of option pricing theory in corporate finance --</subfield>
    <subfield code="g">Cap&#xED;tulo 29</subfield>
    <subfield code="t">Risk management --</subfield>
    <subfield code="g">Cap&#xED;tulo 30</subfield>
    <subfield code="t">Corporate finance for privately held firms --</subfield>
    <subfield code="g">Cap&#xED;tulo 31</subfield>
    <subfield code="t">A final review.</subfield>
  </datafield>
  <datafield tag="650" ind1=" " ind2="4">
    <subfield code="a">COMPA&#xD1;IAS </subfield>
    <subfield code="x">FINANZAS</subfield>
  </datafield>
  <datafield tag="830" ind1=" " ind2="0">
    <subfield code="a">Wiley series in finance</subfield>
  </datafield>
  <datafield tag="942" ind1=" " ind2=" ">
    <subfield code="2">ddc</subfield>
    <subfield code="c">BK</subfield>
  </datafield>
  <datafield tag="945" ind1=" " ind2=" ">
    <subfield code="a">Inventariado, 2017/MFF</subfield>
  </datafield>
  <datafield tag="952" ind1=" " ind2=" ">
    <subfield code="0">0</subfield>
    <subfield code="1">0</subfield>
    <subfield code="2">ddc</subfield>
    <subfield code="4">0</subfield>
    <subfield code="7">0</subfield>
    <subfield code="8">CG</subfield>
    <subfield code="a">BPMET</subfield>
    <subfield code="b">BPMET</subfield>
    <subfield code="d">2016-08-03</subfield>
    <subfield code="e">Donaci&#xF3;n</subfield>
    <subfield code="l">0</subfield>
    <subfield code="o">658.15  D163c</subfield>
    <subfield code="p">BPMSU16080029</subfield>
    <subfield code="r">2016-08-03</subfield>
    <subfield code="w">2016-08-03</subfield>
    <subfield code="y">BK</subfield>
  </datafield>
  <datafield tag="956" ind1=" " ind2=" ">
    <subfield code="2">LOPEREZ</subfield>
    <subfield code="3">10</subfield>
    <subfield code="6">20160803</subfield>
    <subfield code="8">BPMSU</subfield>
    <subfield code="a">00041</subfield>
  </datafield>
  <datafield tag="999" ind1=" " ind2=" ">
    <subfield code="c">11083</subfield>
    <subfield code="d">11083</subfield>
  </datafield>
</record>
